000 00632nam a2200205Ii 4500
003 JO-AjNU
008 230605s9999||||xx |||||||||||||| ||und||
040 _aJO-AjNU
_bara
_erda
_cJO-AjNU
041 _aara
050 1 4 _aBP80.S22.S5288.1996
100 3 _aشلبي،محمود,
_eauthor
_920736
245 0 0 _aحياة سعد بن معاذ
250 _aط2
264 3 1 _aبيروت:دار الجيل،1996
300 _a120ص
336 _atext
_btxt
_2rdacontent
337 _aunmediated
_bn
_2rdamedia
338 _avolume
_bnc
_2rdacarrier
650 4 _aالصحابة والتابعون-تراجم-سعد بن معاذ
_920737
999 _aA7084
_c10652
_d10652